Reinar después de morir y El diablo está en Cantillana

Đã lưu trong:
Chi tiết về thư mục
Tác giả chính: Vélez de Guevara, Luis
Định dạng: Sách
Ngôn ngữ:Undetermined
Được phát hành: Madrid, España Espasa-Calpe 1959
Những chủ đề:
Các nhãn: Thêm thẻ
Không có thẻ, Là người đầu tiên thẻ bản ghi này!

MARC

LEADER 00000nam a2200000Ia 4500
008 170316s9999 xx 000 0 und d
090 |a 862 V-16rd 
100 |a Vélez de Guevara, Luis 
245 |a Reinar después de morir y El diablo está en Cantillana 
260 |a Madrid, España 
260 |b Espasa-Calpe 
260 |c 1959 
300 |a 204 páginas 
650 |a LITERATURA ESPAÑOLA 
999 |c 25947  |d 25947 
040 |a cru BVZT 
942 |c 15 D  |h 862 V-16rd  |2 z